Five-Letter UK Trivia Chain - Statistics

General Stats
  • This quiz has been taken 926 times
  • The average score is 9 of 24
Answer Stats
Hint Answer % Correct
Name of eight British kings Henry
88%
British slang for "Americans" Yanks
76%
London park: Hampstead _____ Heath
75%
West Yorkshire city Leeds
75%
Part of a cream tea Scone
64%
Shortened postal term for Yorkshire Yorks
60%
Crow associated with the Tower of London Raven
59%
Scottish language Scots
48%
Scottish city Perth
47%
British slang for "eat (something) greedily" Scoff
47%
White heron-like bird common on Welsh estuaries Egret
39%
Small city in Cornwall Truro
39%
Britain's oldest pub chain Yates
26%
County town of County Tyrone Omagh
21%
Colourful Pembrokeshire seaside town Tenby
20%
Archaic name for Shropshire Salop
19%
Area of Outstanding Natural Beauty: Shropshire _____ Hills
17%
Former county town in northeast Wales Flint
15%
Seventh largest Scottish island Arran
14%
City in Northern Ireland Newry
14%
English name for Castell-Nedd Neath
12%
East Anglian river Stour
5%
Pembrokeshire harbour village (and its river) Solva
4%
West London borough Hayes
3%
No matching quizzes found
Score Distribution
Percent of People with Each Score
Percentile by Number Answered
Your Score History
You have not taken this quiz